00591nam a2200229 a 4500001001300000003000900013005001700022008004100039020000800080082001300088100001500101245002500116260003200141300000900173500003500182505001000217700001500227902000800242942000700250952009100257999001300348nice12345678IN_TiNIC20260116011257.0050524s0000 bosa grp 000 0 eng  ac000a190bFRA aFrankel, C aCase for Modern Man. aBostonbBeacon Press c0000 a241p aincludes index and biblioraphy2 aIndex1 aFrankel, C bSRS cBK 00104070aHMIbHMId2005-05-24g0.00l0o190 FRAp02228r2005-05-24w2026-01-16yEB c101d101